000 00218nam a2200109Ia 4500
100 _aDUN & BRANDSTREET
942 _cBK
245 _aSUCCESSSFUL BUSINESS THINKING
260 _b#N/A
546 _aENGLISH
999 _c27326
_d27326